<?xml version="1.0" encoding="UTF-8"?><?xml-stylesheet type="text/xsl" href="static/style.xsl"?><OAI-PMH xmlns="http://www.openarchives.org/OAI/2.0/" xmlns:xsi="http://www.w3.org/2001/XMLSchema-instance" xsi:schemaLocation="http://www.openarchives.org/OAI/2.0/ http://www.openarchives.org/OAI/2.0/OAI-PMH.xsd"><responseDate>2026-04-13T01:45:16Z</responseDate><request verb="GetRecord" identifier="oai:www.recercat.cat:2099.1/21394" metadataPrefix="marc">https://recercat.cat/oai/request</request><GetRecord><record><header><identifier>oai:recercat.cat:2099.1/21394</identifier><datestamp>2025-07-22T16:09:01Z</datestamp><setSpec>com_2072_1033</setSpec><setSpec>col_2072_452951</setSpec></header><metadata><record xmlns="http://www.loc.gov/MARC21/slim" xmlns:dcterms="http://purl.org/dc/terms/" xmlns:xsi="http://www.w3.org/2001/XMLSchema-instance" xmlns:doc="http://www.lyncode.com/xoai" xsi:schemaLocation="http://www.loc.gov/MARC21/slim http://www.loc.gov/standards/marcxml/schema/MARC21slim.xsd">
   <leader>00925njm 22002777a 4500</leader>
   <datafield ind2=" " ind1=" " tag="042">
      <subfield code="a">dc</subfield>
   </datafield>
   <datafield ind2=" " ind1=" " tag="720">
      <subfield code="a">Martínez Muñoz, Francisco</subfield>
      <subfield code="e">author</subfield>
   </datafield>
   <datafield ind2=" " ind1=" " tag="260">
      <subfield code="c">2013-06-21</subfield>
   </datafield>
   <datafield ind2=" " ind1=" " tag="520">
      <subfield code="a">El projecte tracta sobre la remodelació i millora de l'EDAR de Montferrer així com el col·lectors de la Seu d'Urgell i Castellciutat.  Com a remodelació de l'EDAR actual, es proposa un sistema de tractament paral·lel a l'actual sistema de llacunatge, de forma que aquest treballi amb un cabal constant de 5000 m3/dia i el nou sistema tracti el cabal restant (cabal mig 3250 m3/dia).  El nou sistema es basa en un pretractament amb desbast de gruixos, mitjos, fins i un bombament primari; un tractament biològic d'aireació perllongada en un reactor seqüencial discontinu (SBR) on la decantació es du a terme al mateix dipòsit; un sistema de tractament de fangs compost per un espessidor i una màquina centrífuga.  Pel que fa als col·lectors, es substitueix un tram deteriorat del col·lector que va desde la Seu a l'EDAR fent-lo passar per un traçat més convenient des del punt de vista de pendents i accessibilitat, eliminant servituds de pas que existeixen en l'actualitat.  També es projecta la recollida i conducció d'aigües residuals d'una zona del poble de Castellciutat fins al col·lector més proper. Actualment les aigües d'aquesta zona són conduïdes a un petit sistema de depuració totalment obsolet i en desús i s'aboquen directament al riu Valira. L'actuació també inclou la demolició d'aquest sistema de tractament.</subfield>
   </datafield>
   <datafield tag="653" ind2=" " ind1=" ">
      <subfield code="a">Àrees temàtiques de la UPC::Enginyeria civil::Enginyeria hidràulica, marítima i sanitària::Enginyeria  sanitària</subfield>
   </datafield>
   <datafield tag="653" ind2=" " ind1=" ">
      <subfield code="a">Sewage -- Pipelines</subfield>
   </datafield>
   <datafield tag="653" ind2=" " ind1=" ">
      <subfield code="a">Sewage disposal plants</subfield>
   </datafield>
   <datafield tag="653" ind2=" " ind1=" ">
      <subfield code="a">EDAR</subfield>
   </datafield>
   <datafield tag="653" ind2=" " ind1=" ">
      <subfield code="a">Aigües residuals -- Canonades</subfield>
   </datafield>
   <datafield tag="653" ind2=" " ind1=" ">
      <subfield code="a">Aigües residuals -- Plantes de tractament</subfield>
   </datafield>
   <datafield ind2="0" ind1="0" tag="245">
      <subfield code="a">Projecte de remodelació i millora de l'EDAR de Montferrer (Alt Urgell)</subfield>
   </datafield>
</record></metadata></record></GetRecord></OAI-PMH>